=LDR 00000nam 2200000 4500 =001 INLIS000000000004019 =005 20250618084814 =035 ##$$a 0010-0625000224 =007 ta =008 250618################g##########0#ind## =082 ##$$a 304.66 =084 ##$$a 304.66 BAD p =245 1#$$a Petunjuk Pelaksanaan Keterpaduan Keluarga Berencana Koperasi /$c BADAN KOORDINASI KELUARGA BERENCANA NASIONAL =260 ##$$a Jakarta :$b Badan Koordinasi Keluarga Berencana Nasional,$c 1985 =300 ##$$a 17 hlm. =650 #4$$a Keluarga Berencana =110 2#$$a BADAN KOORDINASI KELUARGA BERENCANA NASIONAL =710 2#$$a Departemen Koperasi =856 ##$$a Perpustakaan Kemendukbangga